دليل الإنتاج العلمي لأعضاء هيئة التدريس و الرسائل الجامعية في جامعة اليرموك 1994-2001 / (رقم التسجيلة. 113392)

تفاصيل مارك
000 -LEADER
fixed length control field 00563nam a22001577a 4500
005 - DATE AND TIME OF LATEST TRANSACTION
control field 20251108174614.0
008 - FIXED-LENGTH DATA ELEMENTS--GENERAL INFORMATION
fixed length control field 250721s2002 xx 000 0 ara d
082 14 - DEWEY DECIMAL CLASSIFICATION NUMBER
Classification number م/011.75/دلي
245 10 - TITLE STATEMENT
Title دليل الإنتاج العلمي لأعضاء هيئة التدريس و الرسائل الجامعية في جامعة اليرموك 1994-2001 /
264 1# - PRODUCTION, PUBLICATION, DISTRIBUTION, MANUFACTURE, AND COPYRIGHT NOTICE
Place of production, publication, distribution, manufacture إربد :
Name of producer, publisher, distributor, manufacturer جامعة اليرموك،
Date of production, publication, distribution, manufacture, or copyright notice 2002.
300 ## - PHYSICAL DESCRIPTION
Extent 361ص
650 17 - SUBJECT ADDED ENTRY--TOPICAL TERM
Topical term or geographic name as entry element الرساال الجامعيه
650 17 - SUBJECT ADDED ENTRY--TOPICAL TERM
Topical term or geographic name as entry element الببلوغرافيا
942 ## - ADDED ENTRY ELEMENTS (KOHA)
Source of classification or shelving scheme Dewey Decimal Classification
Koha item type مراجع
المقتنيات
حالة السحب حالة الفقدان مصدر التصنيف حالة التلف غير قابل للإعارة المكتبة الرئيسية المكتبة الحالية موقع الرف تاريخ التزويد الرقم المتسلسل Total Checkouts رقم الإستدعاء الباركود تاريخ آخر ظهور تاريخ الفاتورة نوع المادة (كوها)
    Dewey Decimal Classification   Not For Loan المكتبة المركزية المكتبة المركزية مراجع 06/08/2008 598815   م/011.75/دلي PLD00033330 28/07/2025 06/08/2008 مراجع
Implemented & Customized by: BBB with SCIT (Smart Chains for Information Technology)

Powered by Koha